000 03057njm a2200529Ia 4500
001 20673
003 IT-RoPAU
005 20220918181120.0
008 131025s9999 xx 000 0 und d
040 _aIT-RoPAU
040 _cIT-RoPAU
041 _aITALIANO
999 _c99694
_d99694
999 _bn.d.
100 _aAA.VV.
_9794
100 _eAutore musica
_92520
100 _gCodice autore musica SPICS: 12000
_9796
245 _aCantiamo Maria (Lp Sm 30.18)
250 _a1a ed.
260 _aALBANO
260 _bEP - MUSICALI E DISCOGRAFICHE
300 _aDISCO
500 _aCanti dei Festival de "La Rosa d'oro". Omaggio a Maria SS e al suo rosario. Musica religiosa
505 _aE le bastavo io - Preghiera a Maria - Ave Maria - Camminare affiancati - Tanto amore - Passio Christi - Sia fatta la tua volontà - Maria speranza del mondo - Vergin Maria - Madre della semplicità - Solitudine (Primo mistero doloroso) - Salve Maria - Alleluia
511 _aLotito Patrizia e Coro
511 _aTiego Athos - Gallian Carlo e Coro
511 _aTiego Athos - Gallian Carlo
511 _aMonica Silvano e Coro
511 _aTiego Athos e Coro
511 _aLotito Patrizia - Guandalini Bruno e Coro
511 _aGallian Carlo e Coro
650 _aRELIGIOSO [DISCHI]
_eCodice MATERIA SPICS: 9950
_9791
700 _aGiovani Amici del Rosario (G.A.R.)
_gCodice Autore SPICS: 10924
_eAutore
_92522
700 _aGallian Carlo
_gCodice autore testo/musica SPICS: 22969
_eAutore testo/musica
_pE le bastavo io - Sia fatta la tua volontà - Vergin Maria - Madre della semplicità
_92523
700 _aFelisatti M.
_gCodice autore musica SPICS: 22970
_eAutore musica
_pPreghiera a Maria
_92524
700 _aGuidorzi S.
_gCodice autore SPICS: 22971
_eAutore
_pPreghiera a Maria
_92525
700 _aCaselli G.
_gCodice autore testo/musica SPICS: 22972
_eAutore testo/musica
_pPreghiera a Maria
_92526
700 _aSammaritani M.
_gCodice autore testo/musica SPICS: 22973
_eAutore testo/musica
_pAve Maria
_92527
700 _aLodi Delia
_gCodice autore musica SPICS: 13507
_eAutore musica
_pCamminare affiancati - Tanto amore
_92528
700 _aBarigozzi M.
_gCodice autore testo/musica SPICS: 22974
_eAutore testo/musica
_pCamminare affiancati - Tanto amore
_92529
700 _aMonica Silvano
_gCodice autore testo/musica SPICS: 22975
_eAutore testo/musica
_pPassio Christi
_92530
700 _aStaid E.
_gCodice autore musica SPICS: 22976
_eAutore musica
_pSia fatta la tua volontà - Maria speranza del mondo - Solitudine (Primo mistero doloroso) - Salve Maria - Alleluia
_92531
700 _aZanichelli S.
_gCodice autore testo/musica SPICS: 22977
_eAutore testo/musica
_pMaria speranza del mondo
_92532
700 _aSuffritti Giovanni
_gCodice autore testo/musica SPICS: 22978
_eAutore testo/musica
_pSolitudine (Primo mistero doloroso) - Salve Maria
_92533
700 _aBopp Franz
_gCodice autore testo/musica SPICS: 20969
_eAutore testo/musica
_pAlleluia
_92534
700 _aDe Simoni M.
_gCodice autore SPICS: 22979
_eAutore
_pSalve Maria
_92535
942 _cMD
_2ddc